[Event "47th GER-ch Blitz 2020"]
[Site "Magdeburg"]
[Date "2020.08.15"]
[Round "11.13"]
[White "Schneider, Ilja"]
[Black "Schoewel, Matthias"]
[Result "0-1"]
[WhiteElo "2479"]
[BlackElo "2218"]
[Annotator "TA"]
[PlyCount "46"]
[EventDate "2020.07.28"]
[EventType "tourn"]
[EventCountry "GER"]
[SourceTitle "playchess.com"]
[Source "ChessBase"]
[SourceQuality "1"]

{[%evp 13,46,19,41,14,25,8,44,0,2,0,2,0,0,0,0,0,0,-93,-79,-391,-315,-942,-912,-1383,-1351,-2192,-1988,-29988,-1689,-29989,-29990,-29990,-29990,-29994,-29995]} 1. d4 d5 2. c4 e6 3. Nf3 Nf6 4. g3 c6 5. Bg2 Be7 6. O-O O-O 7. Qc2 Ne4 8. Nfd2 {E06: Closed Catalan: Early deviations.} f5 9. Nxe4 fxe4 10. f3 {White is slightly better.} exf3 11. Bxf3 {[#]} Bf6 $146 ({Predecessor:} 11... Nd7 12. Nd2 Nf6 13. e4 dxe4 14. Nxe4 Qxd4+ 15. Kg2 Nxe4 16. Rd1 Qf2+ 17. Qxf2 Nxf2 18. Kxf2 {0-1 (29) Alves,S (1507)-Mendes,R (1919) Sao Paulo 2015}) 12. e3 e5 13. dxe5 $1 Bxe5 14. cxd5 Bh3 $36 {[%mdl 2048] Black has good play.} 15. dxc6 (15. Rf2 $1 $11 {keeps the balance.}) 15... Nxc6 $17 16. Rf2 $2 {[%mdl 8192]} (16. Qc4+ $17 Kh8 17. Bg2 Rxf1+ 18. Qxf1 Bxg2 19. Kxg2) 16... Qd6 {Hoping for ...Bxg3!} 17. Nc3 $2 {[#]} (17. Qd1 Qxd1+ 18. Bxd1) 17... Bxg3 $1 $19 {[%mdl 512]} 18. hxg3 Qxg3+ {[%mdl 64] Double Attack} 19. Bg2 Bxg2 20. Rxg2 Qe1+ 21. Kh2 Rf1 {[%cal Re1h4] Black mates.} 22. Kh3 Rf3+ 23. Kg4 Ne5+ {White got outplayed after the opening. Accuracy: White = 37%, Black = 94%.} 0-1

[Event "47th GER-ch Blitz 2020"]
[Site "Magdeburg"]
[Date "2020.08.15"]
[Round "11.14"]
[White "Siebarth, Raiko"]
[Black "Berger, Steve"]
[Result "1/2-1/2"]
[WhiteElo "2333"]
[BlackElo "2408"]
[Annotator "TA"]
[PlyCount "40"]
[EventDate "2020.07.28"]
[EventType "tourn"]
[EventCountry "GER"]
[SourceTitle "playchess.com"]
[Source "ChessBase"]
[SourceQuality "1"]

{[%evp 10,40,20,21,24,31,34,0,10,0,0,0,0,0,0,0,11,20,8,7,15,20,15,12,19,0,0,0,59,-49,-37,-23,499]} 1. e4 e6 2. d4 d5 3. Nd2 c5 4. exd5 Qxd5 5. Ngf3 cxd4 6. Bc4 Qd7 {C07: French Tarrasch: 3...c5, 4 Ngf3 and 4 exd5 Qxd5.} 7. O-O Nc6 8. Qe2 {[%mdl 1024] White has compensation.} Nf6 {The position is equal.} 9. Nb3 a6 10. a4 Bd6 11. Rd1 e5 12. Nbxd4 O-O 13. Nxc6 $1 Qxc6 14. Bg5 Bc7 15. Bxf6 Qxf6 16. Bd5 Rb8 {[#]} 17. Nd2 $146 ({Predecessor:} 17. h3 Qe7 18. Re1 Re8 19. Qc4 b5 20. axb5 Rxb5 21. Rad1 Rc5 22. Qd3 g6 23. c4 {1-0 (29) Jones,G (2682)-McShane,L (2664) London 2018}) 17... Kh8 18. Ne4 Qg6 (18... Qe7 $11) 19. Rd3 ({Better is} 19. Qc4 $1 $14 Bf5 20. Qxc7 Bxe4 21. Bxe4 Qxe4 22. c3) 19... Bg4 $15 20. f3 Kg8 $2 {[%mdl 40960] Accuracy: White = 86%, Black = 84%. . An unexpected result.} (20... Bh5 $11 {and Black stays safe.}) 1/2-1/2

[Event "47th GER-ch Blitz 2020"]
[Site "Magdeburg"]
[Date "2020.08.15"]
[Round "11.15"]
[White "Hess, Max"]
[Black "Kopylov, Michael"]
[Result "0-1"]
[WhiteElo "2378"]
[BlackElo "2407"]
[Annotator "TA"]
[PlyCount "82"]
[EventDate "2020.07.28"]
[EventType "tourn"]
[EventCountry "GER"]
[SourceTitle "playchess.com"]
[Source "ChessBase"]
[SourceQuality "1"]

{[%evp 10,82,39,27,20,20,50,62,49,20,19,8,46,19,36,51,31,6,45,-65,0,0,0,-27,44,-55,-56,-210,-210,-224,-160,-147,-158,-466,-97,-132,0,-105,-20,-8,-16,-18,0,-11,54,33,35,5,9,0,12,-15,0,0,0,-17,0,-6,0,0,32,0,0,0,0,0,0,0,0,0,0,-75,-97,-29987,-29988]} 1. d4 Nf6 2. Bf4 c5 3. d5 g6 4. Nc3 Bg7 5. e4 d6 6. Nf3 O-O {A43: Schmid Benoni.} 7. Nd2 a6 8. a4 $1 {[#]} e6 $146 {White is slightly better.} ({Predecessor:} 8... e5 9. Bg5 h6 10. Bh4 Qc7 11. Be2 Nh7 12. O-O Kh8 13. Nc4 f5 14. exf5 gxf5 {1-0 (42) Axelrod,A (2386)-Prozhanski,G (2342) Haifa 2010}) 9. Nc4 exd5 10. exd5 Re8+ 11. Be2 Ne4 12. Nxe4 Rxe4 13. Bg3 Rd4 (13... h5 $5 {[%cal Rh5h4]}) 14. Bd3 (14. Qc1 $14) 14... Rxd5 (14... Bf5 $15) 15. O-O $11 Nc6 16. a5 Rb8 (16... Bf5 $11) 17. Qf3 (17. Ne3 $1 $14 Rg5 18. Be4) 17... Be6 $36 {[%mdl 2048] White is under pressure.} 18. Be4 $2 (18. c3 $15) 18... Rd4 $19 19. Ne3 Ne5 ({Much less strong is} 19... Nxa5 20. c3 $17) 20. Bxe5 Bxe5 ({Resist} 20... dxe5 21. Bxb7 Qd6 22. c3 $15) 21. Bxb7 $2 {[#]} (21. Bd5 $17 {is more resistant.}) 21... Rb4 $2 (21... d5 $1 $19 {has better winning chances.} 22. Bxa6 Qd6) 22. Bxa6 {c3 would now be nice for White.} Ra8 ({Reject} 22... Rxb2 $6 23. Bc4 $11) (22... Bxb2 $17 23. Rad1 Be5) 23. Bd3 (23. c3 $1 $11 Rxb2 24. Bc4) 23... Rxa5 ({Black should try} 23... Bxb2 $17 24. Be4 Rxe4 25. Qxe4 Bxa1 26. Rxa1 Rxa5) 24. Rxa5 $11 Qxa5 25. b3 Rd4 26. Bc4 Qd8 (26... Rf4 $11 27. Qc6 Rf6) 27. Bxe6 $14 fxe6 28. Ng4 Bg7 $1 29. h3 h5 30. Ne3 Qf6 31. Qe2 Kh7 32. Rd1 Qf4 33. Rxd4 cxd4 (33... Bxd4 {keeps more tension.} 34. Nd1 Qe5 35. Qd2 Qf6 36. c3 Be5) 34. Nf1 Qf5 35. Qd3 e5 36. Ng3 Qg5 37. c4 dxc3 38. Qxc3 d5 39. Qc7 e4 40. Qd7 (40. Qc5 $11) 40... e3 $17 {Strongly threatening ...Qf4.} 41. Nf1 $2 {[%mdl 8192] [#]} (41. Qc7 $17) 41... e2 {Accuracy: White = 46%, Black = 57%.} 0-1

[Event "47th GER-ch Blitz 2020"]
[Site "Magdeburg"]
[Date "2020.08.15"]
[Round "12.1"]
[White "Donchenko, Alexander"]
[Black "Kopylov, Michael"]
[Result "1-0"]
[WhiteElo "2646"]
[BlackElo "2407"]
[Annotator "TA"]
[PlyCount "27"]
[EventDate "2020.07.28"]
[EventType "tourn"]
[EventCountry "GER"]
[SourceTitle "playchess.com"]
[Source "ChessBase"]
[SourceQuality "1"]

{[%evp 10,27,30,19,31,16,25,2,-5,-9,-3,-1,4,-52,214,215,313,292,302,308]} 1. Nf3 d5 2. g3 c6 3. Bg2 Bg4 4. c4 Nd7 5. cxd5 cxd5 6. Nc3 Ngf6 {A11: English Opening: 1...c6.} 7. d4 e6 8. Ne5 Nxe5 {The position is equal.} 9. dxe5 Nd7 10. O-O {[#]} Nxe5 $146 ({Predecessor:} 10... Be7 11. Qa4 Bh5 12. Be3 O-O 13. g4 Bg6 14. f4 f5 15. exf6 Nxf6 16. h3 Kh8 {½-½ (46) Gutman,L (2451)-Paikidze,N (2416) Biel 2011}) 11. Qd4 (11. h3 $11 Bh5 12. g4) 11... Bd6 $2 {[%mdl 8192]} (11... f6 $15 {keeps the upper hand.}) 12. Bf4 $18 Rc8 (12... Bxe2 {was necessary.} 13. Nxe2 Qb8 14. Qa4+ Nc6) 13. Bxe5 {[%mdl 64] [#] Discovered Attack} Rc4 14. Qe3 1-0

[Event "47th GER-ch Blitz 2020"]
[Site "Magdeburg"]
[Date "2020.08.15"]
[Round "12.2"]
[White "Berger, Steve"]
[Black "Hess, Max"]
[Result "1-0"]
[WhiteElo "2408"]
[BlackElo "2378"]
[Annotator "ChessBase"]
[PlyCount "123"]
[EventDate "2020.07.28"]
[EventType "tourn"]
[EventCountry "GER"]
[SourceTitle "playchess.com"]
[Source "ChessBase"]
[SourceQuality "1"]
[TimeControl "180+2"]

1. e4 {[%emt 0:00:00]} g6 {[%emt 0:00:00]} 2. d4 {[%emt 0:00:00]} c6 {[%emt 0:00:00]} 3. c4 {[%emt 0:00:04]} Bg7 {[%emt 0:00:03]} 4. Nc3 {[%emt 0:00:02]} d6 {[%emt 0:00:01]} 5. Nf3 {[%emt 0:00:04]} Nf6 {[%emt 0:00:02]} 6. Be2 {[%emt 0:00:06]} O-O {[%emt 0:00:02]} 7. O-O {[%emt 0:00:03]} Nbd7 {[%emt 0:00:07]} 8. Be3 {[%emt 0:00:26]} e5 {[%emt 0:00:06]} 9. d5 {[%emt 0:00:09]} c5 {[%emt 0:00:02]} 10. Nd2 {[%emt 0:00:10]} Kh8 {[%emt 0:00:03]} 11. a3 {[%emt 0:00:03]} Ng8 {[%emt 0:00:02]} 12. b4 {[%emt 0:00:04]} b6 {[%emt 0:00:01]} 13. Rb1 {[%emt 0:00:06]} f5 {[%emt 0:00:06]} 14. f3 {[%emt 0:00:02]} Bh6 {[%emt 0:00:05]} 15. Bxh6 {[%emt 0:00:12]} Nxh6 {[%emt 0:00:02]} 16. Qa4 {[%emt 0:00:04]} Qg5 {[%emt 0:00:23]} 17. f4 {[%emt 0:00:19]} exf4 {[%emt 0:00:07]} 18. Qc6 {[%emt 0:00:04]} Rb8 {[%emt 0:00:18]} 19. Qxd6 {[%emt 0:00:15]} f3 {[%emt 0:00:04]} 20. Nxf3 {[%emt 0:00:01]} Qe3+ {[%emt 0:00:01]} 21. Kh1 {[%emt 0:00:01]} Qxc3 {[%emt 0:00:02]} 22. bxc5 {[%emt 0:00:07]} Nf7 {[%emt 0:00:03]} 23. Qe7 {[%emt 0:00:08]} Qf6 {[%emt 0:00:12]} 24. Qxf6+ {[%emt 0:00:01]} Nxf6 25. e5 Ng4 {[%emt 0:00:29]} 26. e6 {[%emt 0:00:02]} Nfe5 {[%emt 0:00:01]} 27. Nxe5 {[%emt 0:00:13]} Nxe5 {[%emt 0:00:01]} 28. Rfe1 {[%emt 0:00:07]} Ba6 {[%emt 0:00:03]} 29. c6 {[%emt 0:00:05]} Bxc4 {[%emt 0:00:09]} 30. e7 {[%emt 0:00:21]} Rfe8 {[%emt 0:00:18]} 31. d6 {[%emt 0:00:20]} Bxe2 {[%emt 0:00:14]} 32. d7 {[%emt 0:00:01]} Rxe7 {[%emt 0:00:07]} 33. c7 {[%emt 0:00:01]} Nxd7 {[%emt 0:00:01]} 34. cxb8=Q+ {[%emt 0:00:15]} Nxb8 35. Rb2 Kg7 {[%emt 0:00:14]} 36. Rbxe2 {[%emt 0:00:02]} Rxe2 {[%emt 0:00:02]} 37. Rxe2 {[%emt 0:00:01]} Kf6 {[%emt 0:00:03]} 38. Kg1 {[%emt 0:00:00]} Nc6 {[%emt 0:00:01]} 39. Kf2 {[%emt 0:00:01]} b5 {[%emt 0:00:07]} 40. Rc2 {[%emt 0:00:03]} Nd4 {[%emt 0:00:07]} 41. Rc7 {[%emt 0:00:01]} a5 {[%emt 0:00:00]} 42. Rxh7 {[%emt 0:00:01]} b4 {[%emt 0:00:03]} 43. axb4 {[%emt 0:00:03]} axb4 44. Rb7 {[%emt 0:00:01]} b3 {[%emt 0:00:05]} 45. Ke3 {[%emt 0:00:00]} Ke5 {[%emt 0:00:03]} 46. g3 {[%emt 0:00:03]} g5 {[%emt 0:00:01]} 47. Kd3 {[%emt 0:00:02]} g4 {[%emt 0:00:06]} 48. Rb4 {[%emt 0:00:04]} Nf3 {[%emt 0:00:03]} 49. Rb5+ {[%emt 0:00:05]} Kf6 {[%emt 0:00:01]} 50. Rxb3 Nxh2 {[%emt 0:00:03]} 51. Ke3 {[%emt 0:00:03]} Kg5 {[%emt 0:00:10]} 52. Rb8 {[%emt 0:00:02]} Nf1+ {[%emt 0:00:03]} 53. Kf2 {[%emt 0:00:01]} Nd2 {[%emt 0:00:02]} 54. Rg8+ {[%emt 0:00:01]} Kf6 {[%emt 0:00:00]} 55. Ke3 {[%emt 0:00:00]} Ne4 {[%emt 0:00:11]} 56. Kf4 {[%emt 0:00:01]} Nd6 {[%emt 0:00:02]} 57. Ra8 {[%emt 0:00:05]} Ke6 {[%emt 0:00:01]} 58. Ra6 {[%emt 0:00:01]} Kd5 59. Rxd6+ {[%emt 0:00:01]} Kxd6 60. Kxf5 {[%emt 0:00:00]} Ke7 {[%emt 0:00:08]} 61. Kxg4 Kf6 {[%emt 0:00:00]} 62. Kh5 {[%emt 0:00:02]} 1-0

[Event "47th GER-ch Blitz 2020"]
[Site "Magdeburg"]
[Date "2020.08.15"]
[Round "12.3"]
[White "Schoewel, Matthias"]
[Black "Siebarth, Raiko"]
[Result "1/2-1/2"]
[WhiteElo "2218"]
[BlackElo "2333"]
[Annotator "RC"]
[PlyCount "145"]
[EventDate "2020.07.28"]
[EventType "tourn"]
[EventCountry "GER"]
[SourceTitle "playchess.com"]
[Source "ChessBase"]
[SourceQuality "1"]
[TimeControl "180+2"]

1. e4 {[%emt 0:00:00]} c5 {[%emt 0:00:00]} 2. Nf3 {[%emt 0:00:00]} d6 {[%emt 0:00:00]} 3. Nc3 {[%emt 0:00:01]} Nf6 {[%emt 0:00:01]} 4. d3 {[%emt 0:00:01]} Nc6 {[%emt 0:00:02]} 5. Be2 {[%emt 0:00:02]} g6 {[%emt 0:00:03]} 6. Bg5 {[%emt 0:00:01]} Bg7 {[%emt 0:00:01]} 7. Qd2 {[%emt 0:00:01]} h6 {[%emt 0:00:01]} 8. Be3 {[%emt 0:00:01]} Rb8 {[%emt 0:00:09]} 9. a4 {[%emt 0:00:01]} a6 {[%emt 0:00:09]} 10. h3 {[%emt 0:00:11]} b5 {[%emt 0:00:14]} 11. axb5 {[%emt 0:00:05]} axb5 {[%emt 0:00:01]} 12. O-O {[%emt 0:00:06]} g5 {[%emt 0:00:14]} 13. Nh2 {[%emt 0:00:04]} b4 {[%emt 0:00:20]} 14. Nd5 {[%emt 0:00:07]} Nxd5 {[%emt 0:00:05]} 15. exd5 {[%emt 0:00:01]} Nd4 {[%emt 0:00:01]} 16. Bxd4 {[%emt 0:00:17]} Bxd4 {[%emt 0:00:06]} 17. c3 {[%emt 0:00:01]} Be5 {[%emt 0:00:05]} 18. Rfe1 {[%emt 0:00:39]} Kf8 {[%emt 0:00:25]} 19. Bh5 {[%emt 0:00:11]} Bf5 {[%emt 0:00:11]} 20. Nf3 {[%emt 0:00:11]} Bf6 {[%emt 0:00:07]} 21. d4 {[%emt 0:00:07]} bxc3 {[%emt 0:00:01]} 22. bxc3 {[%emt 0:00:01]} c4 {[%emt 0:00:00]} 23. Nh2 {[%emt 0:00:10]} Kg7 {[%emt 0:00:16]} 24. Bg4 {[%emt 0:00:01]} Bg6 {[%emt 0:00:04]} 25. Bf3 {[%emt 0:00:06]} Ra8 {[%emt 0:00:11]} 26. Ng4 {[%emt 0:00:09]} Qd7 {[%emt 0:00:12]} 27. Nxf6 {[%emt 0:00:02]} exf6 {[%emt 0:00:00]} 28. Rxa8 {[%emt 0:00:10]} Rxa8 {[%emt 0:00:01]} 29. Qe3 {[%emt 0:00:01]} Ra3 {[%emt 0:00:09]} 30. Qc1 {[%emt 0:00:13]} Qa4 {[%emt 0:00:03]} 31. Qe3 {[%emt 0:00:08]} Qa5 {[%emt 0:00:04]} 32. Rc1 {[%emt 0:00:01]} Ra1 {[%emt 0:00:01]} 33. Rxa1 {[%emt 0:00:06]} Qxa1+ 34. Kh2 {[%emt 0:00:01]} Qb2 {[%emt 0:00:01]} 35. g3 {[%emt 0:00:09]} Bd3 {[%emt 0:00:06]} 36. Qe1 {[%emt 0:00:07]} Qc2 {[%emt 0:00:01]} 37. Kg2 {[%emt 0:00:03]} f5 {[%emt 0:00:01]} 38. Bh5 {[%emt 0:00:09]} Be4+ {[%emt 0:00:01]} 39. Bf3 {[%emt 0:00:02]} Bxf3+ {[%emt 0:00:15]} 40. Kxf3 {[%emt 0:00:01]} Qd3+ {[%emt 0:00:01]} 41. Kg2 {[%emt 0:00:01]} Kf6 {[%emt 0:00:02]} 42. Qc1 {[%emt 0:00:03]} Qe4+ {[%emt 0:00:02]} 43. Kg1 {[%emt 0:00:01]} Qxd5 {[%emt 0:00:00]} 44. h4 {[%emt 0:00:01]} Qf3 {[%emt 0:00:03]} 45. hxg5+ hxg5 46. Qb2 {[%emt 0:00:06]} f4 {[%emt 0:00:04]} 47. Qb4 {[%emt 0:00:05]} Qd1+ {[%emt 0:00:01]} 48. Kh2 {[%emt 0:00:02]} fxg3+ {[%emt 0:00:04]} 49. Kxg3 {[%emt 0:00:05]} Qg1+ {[%emt 0:00:04]} 50. Kf3 {[%emt 0:00:01]} Qh1+ {[%emt 0:00:04]} 51. Kg3 {[%emt 0:00:03]} Qh4+ {[%emt 0:00:01]} 52. Kg2 {[%emt 0:00:01]} Qg4+ {[%emt 0:00:01]} 53. Kf1 {[%emt 0:00:01]} Qe6 {[%emt 0:00:06]} 54. Qb8 {[%emt 0:00:05]} d5 {[%emt 0:00:01]} 55. Qd8+ {[%emt 0:00:02]} Kg6 {[%emt 0:00:01]} 56. Qg8+ {[%emt 0:00:02]} Kf5 {[%emt 0:00:01]} 57. Qh7+ {[%emt 0:00:01]} Qg6 {[%emt 0:00:03]} 58. Qh3+ {[%emt 0:00:02]} Kf6 {[%emt 0:00:00]} 59. Qf3+ {[%emt 0:00:01]} Qf5 {[%emt 0:00:02]} 60. Qe3 {[%emt 0:00:07]} Qd3+ {[%emt 0:00:00]} 61. Qxd3 {[%emt 0:00:02]} cxd3 {[%emt 0:00:01]} 62. Ke1 {[%emt 0:00:01]} Kf5 {[%emt 0:00:01]} 63. Kd2 {[%emt 0:00:00]} Ke4 {[%emt 0:00:00]} 64. Kd1 {[%emt 0:00:15]} Kf3 {[%emt 0:00:01]} 65. Ke1 {[%emt 0:00:00]} d2+ {[%emt 0:00:01]} 66. Kxd2 Kxf2 {[%emt 0:00:01]} 67. c4 {[%emt 0:00:02]} dxc4 {[%emt 0:00:01]} 68. d5 {[%emt 0:00:00]} g4 {[%emt 0:00:01]} 69. d6 {[%emt 0:00:01]} g3 {[%emt 0:00:00]} 70. d7 {[%emt 0:00:01]} c3+ {[%emt 0:00:03]} 71. Kxc3 {[%emt 0:00:03]} g2 {[%emt 0:00:00]} 72. d8=Q {[%emt 0:00:01]} g1=Q {[%emt 0:00:04]} 73. Qf6+ 1/2-1/2

[Event "47th GER-ch Blitz 2020"]
[Site "Magdeburg"]
[Date "2020.08.15"]
[Round "12.4"]
[White "Stein, Robert"]
[Black "Schneider, Ilja"]
[Result "0-1"]
[WhiteElo "2325"]
[BlackElo "2479"]
[Annotator "ChessBase"]
[PlyCount "110"]
[EventDate "2020.07.28"]
[EventType "tourn"]
[EventCountry "GER"]
[SourceTitle "playchess.com"]
[Source "ChessBase"]
[SourceQuality "1"]
[TimeControl "180+2"]

1. d4 {[%emt 0:00:00]} d5 {[%emt 0:00:00]} 2. c4 {[%emt 0:00:01]} c6 {[%emt 0:00:00]} 3. Nf3 {[%emt 0:00:02]} Nf6 {[%emt 0:00:00]} 4. e3 {[%emt 0:00:01]} Bf5 {[%emt 0:00:01]} 5. Nc3 {[%emt 0:00:03]} e6 {[%emt 0:00:01]} 6. Nh4 {[%emt 0:00:01]} Be4 {[%emt 0:00:01]} 7. f3 {[%emt 0:00:08]} Bg6 {[%emt 0:00:01]} 8. g3 {[%emt 0:00:04]} Be7 {[%emt 0:00:02]} 9. Be2 {[%emt 0:00:03]} Nbd7 {[%emt 0:00:05]} 10. O-O {[%emt 0:00:07]} O-O {[%emt 0:00:12]} 11. Nxg6 {[%emt 0:00:14]} hxg6 {[%emt 0:00:02]} 12. cxd5 {[%emt 0:00:09]} cxd5 {[%emt 0:00:20]} 13. Bd3 {[%emt 0:00:10]} e5 {[%emt 0:00:07]} 14. Qb3 {[%emt 0:00:21]} exd4 {[%emt 0:01:07]} 15. exd4 {[%emt 0:00:08]} Qb6 {[%emt 0:00:04]} 16. Qxb6 {[%emt 0:00:11]} Nxb6 {[%emt 0:00:04]} 17. Be3 {[%emt 0:00:02]} Rac8 {[%emt 0:00:08]} 18. Rac1 {[%emt 0:00:01]} Rfe8 {[%emt 0:00:09]} 19. Kf2 {[%emt 0:00:10]} a6 {[%emt 0:00:04]} 20. Rc2 {[%emt 0:00:02]} Nc4 {[%emt 0:00:31]} 21. Nxd5 {[%emt 0:00:31]} Nxd5 {[%emt 0:00:01]} 22. Rxc4 {[%emt 0:00:05]} Rcd8 {[%emt 0:00:14]} 23. Be4 {[%emt 0:00:30]} b5 {[%emt 0:00:06]} 24. Bxd5 {[%emt 0:00:24]} bxc4 {[%emt 0:00:02]} 25. Bxc4 {[%emt 0:00:01]} Bf6 {[%emt 0:00:01]} 26. Rd1 {[%emt 0:00:01]} a5 {[%emt 0:00:02]} 27. Rd2 {[%emt 0:00:01]} a4 {[%emt 0:00:14]} 28. Bb5 {[%emt 0:00:03]} Re6 {[%emt 0:00:07]} 29. d5 {[%emt 0:00:10]} Re5 {[%emt 0:00:04]} 30. Bc6 {[%emt 0:00:02]} Rh5 {[%emt 0:00:03]} 31. h4 {[%emt 0:00:01]} g5 {[%emt 0:00:01]} 32. Bxg5 {[%emt 0:00:08]} Bxg5 {[%emt 0:00:01]} 33. hxg5 {[%emt 0:00:00]} Rxg5 34. f4 {[%emt 0:00:01]} Rh5 {[%emt 0:00:03]} 35. Kf3 {[%emt 0:00:01]} Kf8 {[%emt 0:00:01]} 36. Bxa4 {[%emt 0:00:03]} Rhxd5 {[%emt 0:00:01]} 37. Rxd5 {[%emt 0:00:06]} Rxd5 {[%emt 0:00:01]} 38. Bc6 {[%emt 0:00:02]} Rd2 {[%emt 0:00:02]} 39. a4 {[%emt 0:00:03]} Rxb2 {[%emt 0:00:01]} 40. Bb5 {[%emt 0:00:03]} Ke7 {[%emt 0:00:01]} 41. g4 {[%emt 0:00:01]} Rb4 {[%emt 0:00:03]} 42. Ke3 {[%emt 0:00:01]} Kd6 {[%emt 0:00:00]} 43. Kf3 {[%emt 0:00:02]} Kd5 {[%emt 0:00:05]} 44. g5 {[%emt 0:00:02]} Kd4 {[%emt 0:00:11]} 45. Be8 {[%emt 0:00:05]} f6 {[%emt 0:00:03]} 46. gxf6 {[%emt 0:00:02]} gxf6 {[%emt 0:00:01]} 47. Bb5 {[%emt 0:00:01]} f5 {[%emt 0:00:02]} 48. Bd7 {[%emt 0:00:01]} Rb3+ {[%emt 0:00:01]} 49. Kf2 {[%emt 0:00:03]} Ke4 {[%emt 0:00:00]} 50. Be6 {[%emt 0:00:01]} Ra3 {[%emt 0:00:02]} 51. Bd7 {[%emt 0:00:02]} Kxf4 {[%emt 0:00:01]} 52. Bc6 {[%emt 0:00:00]} Ra2+ {[%emt 0:00:01]} 53. Ke1 {[%emt 0:00:02]} Ke3 {[%emt 0:00:01]} 54. Kd1 {[%emt 0:00:00]} f4 {[%emt 0:00:01]} 55. Kc1 {[%emt 0:00:01]} f3 {[%emt 0:00:01]} 0-1

[Event "47th GER-ch Blitz 2020"]
[Site "Magdeburg"]
[Date "2020.08.15"]
[Round "12.5"]
[White "Krause, Benedict"]
[Black "Svane, Frederik"]
[Result "1-0"]
[WhiteElo "2425"]
[BlackElo "2421"]
[Annotator "ChessBase"]
[PlyCount "81"]
[EventDate "2020.07.28"]
[EventType "tourn"]
[EventCountry "GER"]
[SourceTitle "playchess.com"]
[Source "ChessBase"]
[SourceQuality "1"]
[TimeControl "180+2"]

1. e4 {[%emt 0:00:00]} c5 {[%emt 0:00:00]} 2. Nf3 g6 3. d4 {[%emt 0:00:05]} cxd4 {[%emt 0:00:00]} 4. Nxd4 {[%emt 0:00:01]} Bg7 {[%emt 0:00:01]} 5. c4 {[%emt 0:00:00]} Nc6 {[%emt 0:00:01]} 6. Nc2 {[%emt 0:00:01]} Nf6 {[%emt 0:00:01]} 7. Nc3 {[%emt 0:00:01]} O-O {[%emt 0:00:02]} 8. Be2 {[%emt 0:00:01]} b6 {[%emt 0:00:02]} 9. O-O {[%emt 0:00:03]} Bb7 {[%emt 0:00:00]} 10. Be3 {[%emt 0:00:01]} Rc8 {[%emt 0:00:02]} 11. f3 {[%emt 0:00:17]} Qc7 {[%emt 0:00:07]} 12. Qd2 {[%emt 0:00:06]} d6 {[%emt 0:00:04]} 13. Rac1 {[%emt 0:00:03]} Qb8 {[%emt 0:00:03]} 14. b3 {[%emt 0:00:02]} Rfd8 {[%emt 0:00:08]} 15. Rfd1 {[%emt 0:00:02]} Ne5 {[%emt 0:00:02]} 16. Nb4 {[%emt 0:00:17]} e6 {[%emt 0:00:06]} 17. Nd3 {[%emt 0:00:34]} Nxd3 {[%emt 0:00:18]} 18. Bxd3 {[%emt 0:00:04]} d5 {[%emt 0:00:13]} 19. cxd5 {[%emt 0:00:21]} exd5 {[%emt 0:00:02]} 20. Bf4 {[%emt 0:00:01]} Qa8 {[%emt 0:00:04]} 21. e5 {[%emt 0:00:12]} Nd7 {[%emt 0:00:08]} 22. Re1 {[%emt 0:00:06]} Nc5 {[%emt 0:00:02]} 23. Nb5 {[%emt 0:00:19]} Ne6 {[%emt 0:00:15]} 24. Bg3 {[%emt 0:00:05]} Rxc1 {[%emt 0:00:13]} 25. Rxc1 {[%emt 0:00:02]} Rc8 {[%emt 0:00:14]} 26. Nd6 {[%emt 0:00:03]} Rc5 {[%emt 0:00:07]} 27. b4 {[%emt 0:00:05]} Rxc1+ 28. Qxc1 {[%emt 0:00:00]} Bc6 {[%emt 0:00:25]} 29. f4 {[%emt 0:00:01]} Bh6 {[%emt 0:00:06]} 30. Qf1 {[%emt 0:00:01]} d4 {[%emt 0:00:08]} 31. h4 {[%emt 0:00:10]} Bd5 {[%emt 0:00:14]} 32. f5 {[%emt 0:00:01]} Be3+ {[%emt 0:00:04]} 33. Kh2 {[%emt 0:00:01]} Ng7 {[%emt 0:00:03]} 34. e6 {[%emt 0:00:22]} Qd8 {[%emt 0:00:46]} 35. fxg6 {[%emt 0:00:10]} Bxe6 {[%emt 0:00:01]} 36. gxh7+ {[%emt 0:00:06]} Kh8 {[%emt 0:00:01]} 37. Nxf7+ {[%emt 0:00:01]} Bxf7 {[%emt 0:00:01]} 38. Qxf7 {[%emt 0:00:01]} Bh6 {[%emt 0:00:04]} 39. Qg6 {[%emt 0:00:04]} Bf4 {[%emt 0:00:04]} 40. Kh1 {[%emt 0:00:20]} Qc7 {[%emt 0:00:05]} 41. Qe4 {[%emt 0:00:09]} 1-0